[Event "BCF-ch"]
[Site "Ayr"]
[Date "1978.08.17"]
[Round "10"]
[White "Carleton, John J"]
[Black "Garbett, Paul Anthony"]
[Result "1-0"]
[WhiteElo "2280"]
[BlackElo "2310"]

1.e4 c5 2.Nf3 e6 3.Nc3 a6 4.d4 cxd4 5.Nxd4 Qc7 6.Bd3 Nc6 7.Be3 Nf6 8.O-O Ne5
9.h3 Bc5 10.f4 Nc6 11.Nf5 Qb6 12.Nd6+ Kf8 13.Bf2 Qb4 14.Nxc8 Rxc8 15.e5 Ne8
16.Ne4 Bxf2+ 17.Rxf2 Qxb2 18.Rb1 Qd4 19.Rxb7 Nb4 20.Be2 Qxd1+ 21.Bxd1 Nd5
22.Rxd7 Rc7 23.Rd8 Ke7 24.Rb8 Rf8 25.Rd2 Rc6 26.Nd6 Nec7 27.Nc8+ Kd7 28.Nb6+ Ke7
29.Nxd5+ Nxd5 30.Rb7+ Rc7 31.Rxc7+ Nxc7 32.c4 Na8 33.Rb2 Rc8 34.Rb7+ Nc7
35.Ba4 f6 36.Kf2 fxe5 37.fxe5 Kd8 38.Ke3 Ke7 39.Kd4 Kd8 40.Bc6 Ke7 41.Kc5 h6
42.g4 g6 43.h4  1-0

[Event "Amsterdam zt"]
[Site "Amsterdam"]
[Date "1978.??.??"]
[Round "12"]
[White "Bellon Lopez, Juan Manuel"]
[Black "Roos, Louis"]
[Result "0-1"]
[WhiteElo "2350"]
[BlackElo "2200"]

1.e4 c5 2.Nf3 e6 3.d4 cxd4 4.Nxd4 a6 5.Nc3 Qc7 6.Bd3 Nc6 7.Be3 Nf6 8.Nb3 b5
9.f4 d6 10.Qe2 Be7 11.O-O-O Nb4 12.Kb1 Bd7 13.Rc1 O-O 14.g4 Rfc8 15.g5 Ne8
16.f5 a5 17.Nd4 Qb7 18.Rhf1 e5 19.Qh5 exd4 20.Bxd4 f6 21.Rf3 fxg5 22.f6 Nxf6
23.Qxg5 Kh8 24.Rg1 Rg8 25.Nd5 Nbxd5 26.exd5 Qxd5 27.Bxf6 Qxg5 28.Bxg5 Bxg5
29.Rxg5 Rgf8 30.Rxf8+ Rxf8 31.Rd5 Rf6 32.a3 Bc6 33.Rg5 h6 34.Rh5 g5 35.Rh3 Kg7
36.Re3 Kf7 37.Be2 Re6 38.Bh5+ Ke7 39.Rc3 Re1+ 40.Ka2 Bd5+ 41.b3 Rh1 42.Re3+ Kd7
43.Bg4+ Kc6 44.Rc3+ Kb6 45.Rd3 Bc6 46.h3 Kc7 47.Re3 Rh2 48.Kb1 Bd5 49.Rc3+ Kb6
50.Re3 Kc5 51.Re8 h5 52.Bd7 Kd4 53.Bf5 Rf2 54.Bg6 g4 55.c3+ Kxc3 56.Re1 Kd2
57.Rc1 g3  0-1

[Event "Buenos Aires ol (Men)"]
[Site "Buenos Aires"]
[Date "1978.??.??"]
[Round "?"]
[White "Letzelter, Jean Claude"]
[Black "Dounia, C."]
[Result "0-1"]
[WhiteElo "2260"]
[BlackElo "2200"]

1.e4 c5 2.Nf3 e6 3.d4 cxd4 4.Nxd4 a6 5.Nc3 Qc7 6.g3 Nf6 7.Bg2 Be7 8.O-O O-O
9.Nde2 Nc6 10.b3 d6 11.Bb2 Bd7 12.Nf4 Rac8 13.Re1 Rfd8 14.Re2 Ne5 15.Rd2 Bc6
16.Qe2 b5 17.Rc1 b4 18.Nd1 Qb7 19.Rd4 a5 20.c4 Ned7 21.Nd5 Bf8 22.N1e3 Ne8
23.Rdd1 Nc5 24.Nf4 Nxe4 25.Ng4 Ng5 26.Bxc6 Qxc6 27.h4 Nf3+ 28.Kf1 Nxh4 29.Qd3 Ng6
30.Qe3 Qc5 31.Bd4 Qf5 32.Nxg6 hxg6 33.f3 Ra8 34.Rd2 Be7 35.Rh2 Bg5 36.f4 e5
37.Kg2 Qxg4 38.Rch1 f6 39.Qe4 Bh6 40.Qd5+ Kf8 41.fxe5 Nc7  0-1

[Event "Buenos Aires ol (Men)"]
[Site "Buenos Aires"]
[Date "1978.??.??"]
[Round "?"]
[White "Rantanen, Yrjo A"]
[Black "Gutierrez, Jose Antonio"]
[Result "1/2-1/2"]
[WhiteElo "2420"]
[BlackElo "2380"]

1.e4 c5 2.Nf3 e6 3.d4 cxd4 4.Nxd4 a6 5.Nc3 Qc7 6.f4 d6 7.Bd3 Nf6 8.O-O Nc6
9.Nf3 b5 10.Kh1 b4 11.Ne2 Bb7 12.Qe1 g6 13.f5 Bg7 14.Qh4 e5 15.Bh6 Bxh6 16.Qxf6 Rg8
17.Qh4 Be3 18.Qxh7 O-O-O 19.fxg6 Rxg6 20.Nfg1 Rh6 21.Qxf7 Rdh8 22.Qxc7+ Kxc7
23.h3 Nd8 24.Rf3 Bc5 25.Raf1 d5 26.Ng3 Rh4 27.Re1 Rf4 28.exd5 Rxf3 29.Nxf3 Bf2
30.Rxe5 Bxg3 31.Re7+ Kb6 32.Be4 Kc5 33.Nd2 Bxd5 34.Bxd5 Kxd5 35.Rd7+ Kc6
36.Rg7 Be5 37.Rg6+ Kd5 38.Rxa6 Nc6 39.c3 bxc3 40.bxc3 Bxc3 41.Nf3 Rb8 42.Ra3 Rb1+
43.Kh2 Bb4 44.Rb3 Bd6+ 45.g3  1/2-1/2

[Event "Buenos Aires ol (Men)"]
[Site "Buenos Aires"]
[Date "1978.??.??"]
[Round "?"]
[White "Bouaziz, Slim"]
[Black "Gheorghiu, Florin"]
[Result "0-1"]
[WhiteElo "2365"]
[BlackElo "2520"]

1.e4 c5 2.Nf3 e6 3.d4 cxd4 4.Nxd4 a6 5.Nc3 Qc7 6.Bd3 Nf6 7.O-O Nc6 8.Nb3 b5
9.f4 d6 10.Qe2 Be7 11.Bd2 O-O 12.Rae1 Bb7 13.a4 b4 14.Nd1 d5 15.e5 Ne4 16.Nf2 Nxd2
17.Nxd2 Nd4 18.Qh5 g6 19.Qh6 f5 20.exf6 Bxf6 21.Ng4 Bg7 22.Qg5 Rae8 23.Kh1 Qe7
24.h4 Nf5 25.Bxf5 Rxf5 26.Qxe7 Rxe7 27.Ne5 Rc7 28.Nb3 Bxe5 29.Rxe5 Rxe5 30.fxe5 Rc4
31.g3 d4+ 32.Kg1 Rxc2 33.Rf2 d3 34.Rd2 Bd5 35.Rxd3 Rg2+ 36.Kf1 Rxb2 37.Nd2 Ra2
38.Kf2 Rxa4 39.Ke3 Ra3 40.Kd4 Rxd3+ 41.Kxd3 a5  0-1

[Event "Buenos Aires ol (Men)"]
[Site "Buenos Aires"]
[Date "1978.??.??"]
[Round "?"]
[White "Alborta Tito, E."]
[Black "Jhunjhnuwala, Ramesh"]
[Result "1-0"]
[WhiteElo "2200"]
[BlackElo "2200"]

1.e4 c5 2.Nf3 e6 3.d4 cxd4 4.Nxd4 a6 5.Nc3 Qc7 6.a3 b5 7.Bd3 Bb7 8.O-O Nc6
9.Nxc6 Bxc6 10.f4 Bc5+ 11.Kh1 h5 12.Qe2 Nf6 13.Be3 Bxe3 14.Qxe3 Ng4 15.Qe2 g5
16.Rae1 gxf4 17.Qf3 e5 18.g3 O-O-O 19.gxf4 Kb7 20.Nd5 Qa5 21.Nb4 Rdg8 22.c4 Qd8
23.cxb5 axb5 24.Qe2 Qh4 25.Nd5 Qd8 26.Bxb5 Nxh2 27.Bxc6+ dxc6 28.Nb4 Nxf1
29.Qa6+ Kc7 30.Qxc6+ Kb8 31.Qb5+ Kc7 32.Rc1+ Kd6 33.Rd1+ Ke7 34.Qxe5+  1-0

[Event "Buenos Aires ol (Women)"]
[Site "Buenos Aires"]
[Date "1978.??.??"]
[Round "?"]
[White "Thorsteinsdottir, Gudlaug"]
[Black "Fischdick, Gisela"]
[Result "0-1"]
[WhiteElo "2000"]
[BlackElo "2195"]

1.e4 c5 2.Nf3 e6 3.d4 cxd4 4.Nxd4 a6 5.Nc3 Qc7 6.Be3 Nf6 7.a3 d6 8.Be2 Be7
9.O-O Nc6 10.f4 Bd7 11.Kh1 O-O 12.Qd2 Rfd8 13.Rad1 Rac8 14.Bf3 Na5 15.Qf2 Nc4
16.Bc1 b5 17.Nde2 Bc6 18.b3 Nb6 19.f5 e5 20.g4 d5 21.exd5 Nfxd5 22.Ne4 h6
23.g5 hxg5 24.Nxg5 Nf6 25.Qg2 Rxd1 26.Rxd1 Ne8 27.Ne4 Nd7 28.Rg1 Bxe4 29.Bxe4 Ndf6
30.Bh6 Nxe4 31.Bxg7 Nf2+ 32.Qxf2 Qc6+ 33.Rg2 Nxg7 34.Ng3 Rd8 35.Qe2 Qd5  0-1

[Event "Buenos Aires ol (Women)"]
[Site "Buenos Aires"]
[Date "1978.??.??"]
[Round "?"]
[White "Artiaga, I."]
[Black "Santoy, C."]
[Result "1-0"]
[WhiteElo "2000"]
[BlackElo "2000"]

1.e4 c5 2.Nf3 e6 3.d4 cxd4 4.Nxd4 a6 5.Nc3 Qc7 6.Bd3 b5 7.O-O Bb7 8.a3 Nf6
9.Re1 Be7 10.Qf3 Nc6 11.Nb3 O-O 12.Bg5 d6 13.Qg3 Nh5 14.Qh4 Bxg5 15.Qxg5 Nf6
16.Qe3 Ne5 17.Bf1 Nc4 18.Qc1 Rac8 19.Bxc4 bxc4 20.Nd4 Qc5 21.Qd2 Rfe8 22.Rad1 Qa5
23.Qe3 Ng4 24.Qg3 Ne5 25.f4 Nc6 26.Nxc6 Qc5+ 27.Nd4 e5 28.fxe5 dxe5 29.Qf2 exd4
30.Qxd4 Qxd4+ 31.Rxd4 Rcd8 32.Rxc4 Rd2 33.Na4 Bd5 34.Rc5 Kf8 35.Nc3 Ba8 36.Nb1 Rd4
37.e5 Red8 38.Nc3 Rd2 39.Re2 Rxe2 40.Nxe2 Rd1+ 41.Kf2 Ke7 42.g3 Rh1 43.h4 Rh2+
44.Ke3 Kd7 45.Rc4 Ke6 46.Rc7 Be4 47.c3 Bg6 48.Nd4+  1-0

[Event "Buenos Aires ol (Men)"]
[Site "Buenos Aires"]
[Date "1978.??.??"]
[Round "?"]
[White "Shabsh, A."]
[Black "Moraza, Manuel"]
[Result "1-0"]
[WhiteElo "2200"]
[BlackElo "2200"]

1.e4 c5 2.Nf3 e6 3.d4 cxd4 4.Nxd4 a6 5.Nc3 Qc7 6.Be2 b5 7.a3 Bb7 8.O-O Nf6
9.Qd3 Nc6 10.Nxc6 dxc6 11.Bg5 Be7 12.f4 c5 13.Bf3 Rd8 14.Qe2 e5 15.Kh1 O-O
16.f5 Rd7 17.Rad1 Rfd8 18.Bxf6 Bxf6 19.Nd5 Bxd5 20.exd5 c4 21.c3 Qc5 22.Qe4 a5
23.h3 h6 24.Rfe1 Qf2 25.Re2 Qg3 26.Kg1 Bg5 27.Qxe5 Bf4 28.Qd4 Bb8 29.Kf1 Qh2
30.Re3 f6 31.Re6 Ba7 32.Qh4 Qg1+ 33.Ke2 Qc5 34.Rd4 Qc7 35.Rd2 b4 36.Qe4 bxc3
37.bxc3 Qc5 38.Re8+ Kh7 39.Bh5 Rxe8 40.Bg6+ Kg8 41.Qxe8+  1-0

[Event "Buenos Aires ol (Men)"]
[Site "Buenos Aires"]
[Date "1978.??.??"]
[Round "?"]
[White "Suradiradja, Herman"]
[Black "Gheorghiu, Florin"]
[Result "1/2-1/2"]
[WhiteElo "2330"]
[BlackElo "2520"]

1.e4 c5 2.Nf3 e6 3.d4 cxd4 4.Nxd4 a6 5.Nc3 Qc7 6.Be2 b5 7.O-O Bb7 8.Bf3 Nc6
9.Nxc6 dxc6 10.a4 Bd6 11.e5 Bxe5 12.axb5 axb5 13.Rxa8+ Bxa8 14.Nxb5 cxb5
15.Bxa8 Nf6 16.g3 O-O 17.Bf3 b4 18.Qe2 Rc8 19.Rd1 h6 20.Qb5 Bd6 21.Be3 Bf8
22.Rd2 e5 23.Kg2 Rb8 24.Qc6 Qxc6 25.Bxc6 Rc8 26.Ba4 Ne4 27.Rd5 Nc5 28.Bxc5 Rxc5
29.Rd7 f6 30.Bb3+ Kh7 31.Rd8 Be7 32.Rd7 Bf8 33.Rd8  1/2-1/2

[Event "ARG-ch"]
[Site "Buenos Aires"]
[Date "1978.??.??"]
[Round "?"]
[White "Szmetan, Jorge"]
[Black "Grinberg, Ricardo"]
[Result "1/2-1/2"]
[WhiteElo "2420"]
[BlackElo "2405"]

1.e4 c5 2.Nf3 e6 3.Nc3 a6 4.d4 cxd4 5.Nxd4 Nc6 6.g3 Nge7 7.Nb3 Na5 8.Qh5 Nec6
9.Bg5 Qc7 10.Bf4 d6 11.O-O-O Nxb3+ 12.axb3 Be7 13.Qc5 dxc5 14.Bxc7 b5 15.e5 Bb7
16.Bg2 Rc8 17.Bb6 Ba8 18.f4 Rb8 19.Bc7 Rc8 20.Bd6 Bxd6 21.Rxd6 Ke7 22.Rhd1 Rhd8
23.Ne4 Nb8 24.R1d2 Bd5 25.c4 bxc4 26.bxc4 Bxc4 27.Ng5 Rh8 28.Rc2 Bb5 29.Rb6 Rc7
30.Rb7 Rxb7 31.Bxb7 Nd7 32.Rc3 h6 33.Nf3 Rb8 34.Be4 Rc8 35.Nd2 Rc7 36.Bd3 Nb6
37.Ne4 Nd5 38.Ra3 c4 39.Be2 Nb4 40.Nd6 Nd5 41.Ra5 Rc5  1/2-1/2

[Event "Buenos Aires ol (Women)"]
[Site "Buenos Aires"]
[Date "1978.??.??"]
[Round "?"]
[White "Houstoun, L."]
[Black "Veroci, Zsuzsa"]
[Result "0-1"]
[WhiteElo "2000"]
[BlackElo "2290"]

1.e4 c5 2.Nf3 e6 3.d4 cxd4 4.Nxd4 a6 5.Nc3 Qc7 6.Be2 b5 7.O-O Bb7 8.Bf3 Nc6
9.Re1 Ne5 10.g3 b4 11.Na4 Nxf3+ 12.Nxf3 Nf6 13.Nd2 h5 14.b3 d5 15.exd5 Nxd5
16.Nc4 h4 17.Ne3 hxg3 18.hxg3 Nxe3  0-1

[Event "Buenos Aires ol (Women)"]
[Site "Buenos Aires"]
[Date "1978.??.??"]
[Round "?"]
[White "Justo, Virginia"]
[Black "Ivanka Budinsky, Maria"]
[Result "0-1"]
[WhiteElo "2120"]
[BlackElo "2250"]

1.e4 c5 2.Nf3 e6 3.d4 cxd4 4.Nxd4 a6 5.Nc3 Qc7 6.Be2 Nf6 7.O-O b5 8.a3 Bb7
9.Bd3 Bc5 10.Nb3 Ba7 11.Kh1 h5 12.Qf3 Nc6 13.Bf4 d6 14.Rad1 Ne5 15.Qg3 O-O-O
16.Bxb5 axb5 17.Nxb5 Qb6 18.Nxd6+ Rxd6 19.Rxd6 Qxd6 20.Bxe5 Qa6 21.Qc3+ Bc6
22.Qd3 Qxd3 23.cxd3 Ng4 24.Bd4 Bxd4 25.Nxd4 Bb7 26.Nb3 Rd8 27.h3 Ne5 28.d4 Nd3
29.Nc5 Rxd4 30.Nxb7 Kxb7 31.g4 Rxe4 32.Kg1 Kb6 33.Rd1 Re1+ 34.Rxe1 Nxe1  0-1

[Event "Buenos Aires ol (Women)"]
[Site "Buenos Aires"]
[Date "1978.??.??"]
[Round "?"]
[White "Krumova, Velichka"]
[Black "Ivanka Budinsky, Maria"]
[Result "0-1"]
[WhiteElo "2000"]
[BlackElo "2250"]

1.e4 c5 2.Nf3 e6 3.d4 cxd4 4.Nxd4 a6 5.Nc3 Qc7 6.Be2 b5 7.O-O Bb7 8.Qd3 Nf6
9.e5 Qxe5 10.f4 Qc7 11.Bf3 Bxf3 12.Rxf3 Bc5 13.Kh1 Nc6 14.Be3 Nxd4 15.Bxd4 Bxd4
16.Qxd4 Rc8 17.Rg3 Qc5 18.Rd1 b4 19.Qxc5 Rxc5 20.Na4 Rxc2 21.Rxg7 Ne4 22.Kg1 Kf8  0-1

[Event "Clarin"]
[Site "Buenos Aires"]
[Date "1978.??.??"]
[Round "1"]
[White "Szmetan, Jorge"]
[Black "Gheorghiu, Florin"]
[Result "0-1"]
[WhiteElo "2420"]
[BlackElo "2520"]

1.e4 c5 2.Nf3 e6 3.d4 cxd4 4.Nxd4 a6 5.Nc3 Qc7 6.g3 Nf6 7.Bg2 Be7 8.O-O O-O
9.f4 d6 10.g4 Nc6 11.Nb3 d5 12.exd5 Rd8 13.a3 Nxd5 14.Bxd5 Bf6 15.Qf3 exd5
16.Nxd5 Rxd5 17.Qxd5 Qb6+ 18.Kh1 Bxg4 19.Qg2 Bf5 20.Bd2 Bxb2 21.Rab1 Bf6
22.Na5 Qd4 23.Nxc6 bxc6 24.Rb4 Qd6 25.Rc4 Bh3 26.Qxh3 Qd5+ 27.Qf3 Qxc4 28.Qd3 Qa4
29.Re1 h6 30.Re4 Qb5 31.Qxb5 axb5 32.Bb4 Bb2 33.Re3 Bd4 34.Rd3 Rd8 35.Kg2 Rd5
36.Kf3 f5 37.Bc3 Bc5 38.Rxd5 cxd5 39.Bb2 Kf7 40.h3 g5 41.Bc1 Kg6 42.Bb2 Bd6
43.fxg5 hxg5 44.Bc1 Kh5 45.Bb2 Kh4 46.Bc1 f4 47.Kg2 Be7 48.Bb2 f3+ 49.Kxf3 Kxh3  0-1

[Event "DDR-ch 27th"]
[Site "Eggesin/Torgelow"]
[Date "1978.??.??"]
[Round "14"]
[White "Vogt, Lothar"]
[Black "Hesse, Peter"]
[Result "1/2-1/2"]
[WhiteElo "2520"]
[BlackElo "2415"]

1.e4 c5 2.Nf3 e6 3.d4 cxd4 4.Nxd4 a6 5.Nc3 Qc7 6.g3 Nc6 7.Bg2 Nge7 8.Nb3 d6
9.a4 Bd7 10.O-O Nc8 11.a5 Be7 12.f4 O-O 13.Qe2 b5 14.axb6 Nxb6 15.Rxa6 Rxa6
16.Qxa6 Nb4 17.Qe2 Na4 18.Rf3 Bf6 19.Qd2 Nxc3 20.bxc3 Na2 21.Bb2 Rc8 22.Rd3 Be7
23.Kh1 Bb5 24.Re3 Bc4 25.Re1 Qb6 26.Qd4 Qb8 27.Ba3 Bxb3 28.cxb3 Nxc3 29.Qb4 Bf8
30.Rc1 Qa7 31.Rxc3 Rxc3 32.Qxc3 Qxa3  1/2-1/2

[Event "Esbjerg"]
[Site "Esbjerg"]
[Date "1978.??.??"]
[Round "2"]
[White "Kristiansen, Jens"]
[Black "Ogaard, Leif"]
[Result "0-1"]
[WhiteElo "2395"]
[BlackElo "2435"]

1.e4 c5 2.Nf3 e6 3.Nc3 a6 4.d4 cxd4 5.Nxd4 Nc6 6.Nxc6 bxc6 7.e5 Qa5 8.f4 f5
9.Bd3 Nh6 10.O-O Ng4 11.Kh1 Bc5 12.Qe1 Bd4 13.Bd2 Qb6 14.Nd1 a5 15.Rf3 a4
16.c3 Bc5 17.Rb1 Be7 18.Ne3 Nxe3 19.Bxe3 c5 20.Rf1 O-O 21.Be2 Bb7 22.c4 Be4
23.Rd1 Qxb2 24.Rxd7 Rf7 25.Qd2 Rb8 26.h3 Qa3 27.Bf3 Rb2 28.Qe1 Bh4 29.Qxh4 Rxd7
30.Bc1 Qd3 31.Rd1 Qxd1+  0-1

[Event "Esbjerg"]
[Site "Esbjerg"]
[Date "1978.??.??"]
[Round "7"]
[White "Schneider, Lars Ake"]
[Black "Fries Nielsen, Jens Ove"]
[Result "1-0"]
[WhiteElo "2430"]
[BlackElo "2260"]

1.e4 c5 2.Nf3 e6 3.d4 cxd4 4.Nxd4 a6 5.Nc3 d6 6.Be2 Nf6 7.O-O Be7 8.Be3 Qc7
9.f4 Nbd7 10.Qe1 O-O 11.Bf3 Nb6 12.Kh1 Nc4 13.Bc1 Re8 14.b3 Nb6 15.Bb2 e5
16.Nde2 Bf8 17.Qg3 Nbd7 18.Rad1 b5 19.fxe5 Nxe5 20.Nd4 Bb7 21.Nd5 Bxd5 22.exd5 g6
23.Nc6 Nfd7 24.Bg4 Nxc6 25.dxc6 Ne5 26.Bd7 Nxd7 27.cxd7 Red8 28.Qf3  1-0

[Event "DSV-Turnier"]
[Site "Halle"]
[Date "1978.??.??"]
[Round "11"]
[White "Fernandez, Juan C"]
[Black "Boehlig, Heinz"]
[Result "1/2-1/2"]
[WhiteElo "2370"]
[BlackElo "2450"]

1.e4 c5 2.Nf3 e6 3.d4 cxd4 4.Nxd4 a6 5.Nc3 Qc7 6.g3 Nc6 7.Bg2 Nf6 8.O-O Be7
9.Re1 Nxd4 10.Qxd4 e5 11.Qd3 d6 12.a4 Be6 13.Nd5 Bxd5 14.exd5 O-O 15.a5 Rac8
16.c3 Nd7 17.Bh3 g6 18.Be3 f5 19.f4  1/2-1/2

[Event "Leipzig ET17"]
[Site "Leipzig"]
[Date "1978.??.??"]
[Round "10"]
[White "Vogt, Lothar"]
[Black "Heinig, Wolfram"]
[Result "1-0"]
[WhiteElo "2520"]
[BlackElo "2270"]

1.e4 c5 2.Nf3 e6 3.d4 cxd4 4.Nxd4 a6 5.Nc3 Qc7 6.g3 Nf6 7.Bg2 Be7 8.O-O O-O
9.Re1 d6 10.Qe2 Bd7 11.a4 Nc6 12.Nxc6 Bxc6 13.a5 b5 14.axb6 Qxb6 15.b3 Qb7
16.Ba3 Rfd8 17.Rad1 Ne8 18.Nd5 Bxd5 19.exd5 e5 20.Qd3 Bf8 21.c4 Rab8 22.b4 Nc7
23.h4 Qb6 24.Rb1 Qa7 25.Bc1 Ne8 26.Be3 Qc7 27.Rec1 g6 28.Qa3 Ra8 29.c5 a5
30.b5 dxc5 31.d6 Nxd6 32.Bxa8 Rxa8 33.Bxc5 Qb8 34.b6  1-0

[Event "Lone Pine op"]
[Site "Lone Pine"]
[Date "1978.??.??"]
[Round "2"]
[White "Balshan, Amikam"]
[Black "Gheorghiu, Florin"]
[Result "1/2-1/2"]
[WhiteElo "2415"]
[BlackElo "2520"]

1.e4 c5 2.Nf3 e6 3.d4 cxd4 4.Nxd4 a6 5.Nc3 Qc7 6.Bd3 Nf6 7.O-O Nc6 8.Nxc6 dxc6
9.Qe2 e5 10.h3 Be6 11.Be3 Bb4 12.Na4 Nd7 13.a3 Be7 14.c4 b5 15.Nc3 Nc5 16.cxb5 axb5
17.Nxb5 cxb5 18.Rac1 O-O 19.b4  1/2-1/2

[Event "Lone Pine op"]
[Site "Lone Pine"]
[Date "1978.??.??"]
[Round "3"]
[White "Janosevic, Dragoljub"]
[Black "Meyer, E."]
[Result "1-0"]
[WhiteElo "2455"]
[BlackElo "2350"]

1.e4 c5 2.Nf3 e6 3.d4 cxd4 4.Nxd4 a6 5.Nc3 Qc7 6.Be2 b5 7.O-O Bb7 8.Re1 d6
9.f4 Nf6 10.Bf3 Be7 11.e5 dxe5 12.fxe5 Nfd7 13.Bxb7 Qxb7 14.Qg4 Nc6 15.Nxc6 Qxc6
16.Bg5 Bxg5 17.Qxg5 O-O 18.Ne4 Qd5 19.Rad1 Qxe5 20.Rxd7 Qxb2 21.c3 Rac8 22.Rd3 f5
23.Rd7  1-0

[Event "CSR-ch"]
[Site "Marianske Lazne"]
[Date "1978.??.??"]
[Round "1"]
[White "Prandstetter, Eduard"]
[Black "Sikora Lerch, Jan"]
[Result "1-0"]
[WhiteElo "2405"]
[BlackElo "2415"]

1.e4 c5 2.Nf3 e6 3.d4 cxd4 4.Nxd4 a6 5.Nc3 Nc6 6.Be2 Qc7 7.O-O Nf6 8.Be3 b5
9.Nxc6 dxc6 10.f4 Be7 11.e5 Nd5 12.Nxd5 cxd5 13.c3 O-O 14.Bd3 f5 15.exf6 Bxf6
16.Bd4 b4 17.Bxf6 gxf6 18.cxb4 Qb6+ 19.Kh1 Qxb4 20.Qg4+ Kh8 21.Bxh7 Ra7 22.Bg6 Rg7
23.Rf3 Qxb2 24.Re1 e5 25.Qh5+ Kg8 26.Rg3 Qb7 27.Bh7+ Kh8 28.Bf5+ Kg8 29.Qh7+  1-0

[Event "Montilla/Moriles"]
[Site "Montilla"]
[Date "1978.??.??"]
[Round "5"]
[White "Haritver"]
[Black "Rivas Pastor, Manuel"]
[Result "0-1"]
[WhiteElo "2245"]
[BlackElo "2200"]

1.e4 c5 2.Nf3 e6 3.d4 cxd4 4.Nxd4 a6 5.Nc3 b5 6.f4 Bb7 7.Bd3 Bc5 8.Nb3 Ba7
9.Qe2 b4 10.Nd1 Nf6 11.Be3 Bxe3 12.Qxe3 d6 13.Nf2 Nbd7 14.O-O e5 15.Rad1 O-O
16.fxe5 Nxe5 17.Be2 Rc8 18.Rd2 Qc7 19.Rfd1 Rfd8 20.Nd4 d5 21.Qg5 Ng6 22.Nf5 Qb6
23.Kf1 Qxf2+  0-1

[Event "SVK-ch"]
[Site "Presov"]
[Date "1978.??.??"]
[Round "2"]
[White "Nemec, Anton"]
[Black "Krisko, D."]
[Result "1/2-1/2"]
[WhiteElo "2170"]
[BlackElo "2255"]

1.e4 c5 2.Nf3 e6 3.d4 cxd4 4.Nxd4 a6 5.Nc3 Qc7 6.Be2 Nc6 7.f4 Nxd4 8.Qxd4 Ne7
9.Qf2 b5 10.a3 Bb7 11.Bf3 Ng6 12.g3 Rc8 13.O-O Bc5 14.Be3 Bxe3 15.Qxe3 Qc5
16.Qxc5 Rxc5 17.Rad1 Ke7 18.e5 Bxf3 19.Rxf3 f6 20.Rfd3 Rd8 21.exf6+ gxf6
22.Rd6 Rc6 23.Rxc6 dxc6 24.Rxd8 Kxd8 25.Ne4 Ke7 26.b4 f5 27.Nc5 e5 28.fxe5 Nxe5
29.Kf2 Nc4 30.a4 bxa4 31.Nxa4 a5 32.bxa5 Nxa5 33.Ke3 Nb7 34.Nb6 h6 35.Nc4 Kf6
36.Kd4 Ke6 37.Ne3 Kf6 38.Ng2 Ke6 39.Nf4+ Kd6 40.Nd3 Nd8 41.Nc5 Nf7 42.Nb7+ Kc7
43.Na5 Ng5 44.h4 Ne4 45.g4 Ng3 46.g5 hxg5 47.hxg5 f4 48.Nc4 f3 49.g6 f2 50.Nd2 Kd6
51.g7 Nf5+ 52.Kd3  1/2-1/2

[Event "Banicky kahanec"]
[Site "Prievidza"]
[Date "1978.??.??"]
[Round "?"]
[White "Franzen, Josef"]
[Black "Fronczek, Heinrich"]
[Result "1-0"]
[WhiteElo "2290"]
[BlackElo "2280"]

1.e4 c5 2.Nf3 e6 3.d4 cxd4 4.Nxd4 a6 5.Nc3 b5 6.Bd3 Bb7 7.O-O Bc5 8.Nb3 Ba7
9.Kh1 b4 10.Ne2 Nf6 11.f3 d6 12.a3 bxa3 13.Rxa3 Bb6 14.Qe1 O-O 15.Bg5 h6
16.Bd2 Nc6 17.Qg3 Kh8 18.f4 e5 19.Qh3 a5 20.Nc3 Bc8 21.f5 Nb4 22.Rf3 Nh7
23.Qh5 f6 24.Nd5 Nxd5 25.exd5 Bb7 26.Be4 a4 27.Nc1 Bc5 28.Ra1 Bd4 29.c3 Bc5
30.h4 Qd7 31.Nd3 Ba6 32.g4 Qb7 33.g5 Bc4 34.g6 Bxd5 35.Bxd5 Qxd5 36.c4 Qc6
37.Nxc5 dxc5 38.gxh7 Rfd8 39.Be3 Rd3 40.Kg1 Qe4 41.Re1 Kxh7 42.Rg3 Qb7 43.Rg6 Rd7
44.Bxh6 Kg8 45.Rg2 Qb4 46.Re4 a3 47.Bxg7 Rxg7 48.Rxg7+ Kxg7 49.Qg6+  1-0

[Event "Banicky kahanec"]
[Site "Prievidza"]
[Date "1978.??.??"]
[Round "?"]
[White "Pacl, Vaclav"]
[Black "Fronczek, Heinrich"]
[Result "0-1"]
[WhiteElo "2330"]
[BlackElo "2280"]

1.e4 c5 2.Nf3 e6 3.d4 cxd4 4.Nxd4 a6 5.Nc3 Qc7 6.Bd3 Nf6 7.O-O Be7 8.Be3 O-O
9.f4 d6 10.Qf3 b5 11.e5 Nd5 12.Nxd5 exd5 13.e6 Bf6 14.Qxd5 Bxd4 15.Bxd4 fxe6
16.Qh5 g6 17.Bxg6 Nc6 18.Qg5 Nxd4 19.Be4+ Kh8 20.Bxa8 Qa7 21.Kh1 Qxa8 22.Qe7 Bb7
23.Rf2 Rg8 24.Rg1 Nf3 25.Rgf1 Ne1 26.Qf6+ Rg7 27.Qxg7+ Kxg7 28.Rxe1 Kf6 29.Re3 Be4
30.Kg1 Bf5 31.Rd2 Qc6 32.a3 Bxc2 33.g4 Be4 34.Rc3 Qb6+ 35.Kf1 d5  0-1

[Event "Roskilde"]
[Site "Roskilde"]
[Date "1978.??.??"]
[Round "4"]
[White "Kristiansen, Jens"]
[Black "Filipowicz, Andrzej"]
[Result "1/2-1/2"]
[WhiteElo "2395"]
[BlackElo "2360"]

1.e4 c5 2.Nf3 e6 3.d4 cxd4 4.Nxd4 a6 5.Nc3 Nc6 6.Nxc6 bxc6 7.e5 Qc7 8.Bf4 g5
9.Bg3 Rb8 10.Bd3 h5 11.h3 Rxb2 12.O-O g4 13.h4 d5 14.exd6 Bxd6 15.Ne4 Bxg3
16.fxg3 f5 17.Ng5 Ne7 18.Qe1 e5 19.Bc4 Rxc2 20.Bf7+ Kf8 21.Ne6+ Bxe6 22.Bxe6 Kg7
23.Qe3 f4 24.gxf4 Nd5 25.Qe4 Rc3 26.fxe5 Re3 27.Qd4 Qxe5 28.Qa7+ Kh6 29.Bxd5 cxd5
30.Qf7 Rf3 31.Qa7 Rhf8 32.Rfe1 R3f7 33.Qxa6+ Rf6 34.Qd3 Qf5 35.Qd2+ Qf4 36.Qxf4+ Rxf4
37.a4 Ra8 38.a5 Ra6 39.Reb1 Kg6 40.Rb5 Rf5 41.Rab1 Ra7 42.Rb6+ Rf6 43.Rf1 Rxb6
44.axb6 Rb7 45.Rb1 Kf5 46.Kf2 Ke4 47.Rb4+ Kd3 48.Kg3  1/2-1/2

[Event "Roskilde"]
[Site "Roskilde"]
[Date "1978.??.??"]
[Round "7"]
[White "Kristiansen, Jens"]
[Black "Rajna, George"]
[Result "1-0"]
[WhiteElo "2395"]
[BlackElo "2410"]

1.e4 c5 2.Nf3 e6 3.d4 cxd4 4.Nxd4 a6 5.Nc3 Qc7 6.Be2 Nc6 7.O-O Nf6 8.Be3 Bb4
9.Na4 O-O 10.Nxc6 bxc6 11.f4 d5 12.e5 Ne4 13.c4 Be7 14.Qc2 Qb7 15.Bd3 f5
16.exf6 Nxf6 17.Bd4 Bd7 18.Rae1 Rae8 19.Nc5 Bxc5 20.Bxc5 Rf7 21.b3 a5 22.Rf3 Qc7
23.Re5 Bc8 24.Rh3 h6 25.Bg6 Nd7 26.Bxf7+ Kxf7 27.Bd4 Nxe5 28.Bxe5 Qb6+ 29.Kh1 Rg8
30.Rxh6 Qe3 31.Qg6+ Ke7 32.h3 Qe4 33.Qg5+ Kf7 34.Qh5+ Ke7 35.Rh8 Rxh8 36.Qxh8 Bd7
37.Qxg7+ Kd8 38.Qf8+ Be8 39.Qd6+ Bd7 40.Qb8+ Ke7 41.Bd6+ Kf7 42.Qf8+ Kg6
43.Qg8+ Kf6 44.Qg5+ Kf7 45.Qe7+  1-0

[Event "Rilton Cup"]
[Site "Stockholm"]
[Date "1978.??.??"]
[Round "7"]
[White "Diderholm, E."]
[Black "Angantysson, Haukur"]
[Result "0-1"]
[WhiteElo "2180"]
[BlackElo "2350"]

1.Nf3 c5 2.e4 e6 3.Nc3 a6 4.d4 cxd4 5.Nxd4 Qc7 6.Be3 Nf6 7.Bd3 d6 8.O-O Nbd7
9.f4 Nc5 10.Qf3 b5 11.e5 Bb7 12.Bxb5+ axb5 13.Ndxb5 Qd7 14.Qe2 Nfe4 15.Nxe4 Nxe4
16.f5 exf5 17.exd6 Bxd6 18.Rfd1 Ba6 19.Nxd6+ Qxd6 20.c4 Qe6 21.Rdc1 O-O 22.b4 Nd6
23.b5 Nxc4 24.Qxc4 Qxe3+ 25.Kh1 Rac8  0-1

[Event "URS-ch U26"]
[Site "Vilnius"]
[Date "1978.??.??"]
[Round "14"]
[White "Panchenko, Alexander N"]
[Black "Agzamov, Georgy"]
[Result "1-0"]
[WhiteElo "2495"]
[BlackElo "2390"]

1.e4 c5 2.Nf3 e6 3.d4 cxd4 4.Nxd4 a6 5.Nc3 Qc7 6.Be2 b5 7.O-O Bb7 8.Bf3 Nc6
9.Re1 Ne5 10.Bf4 d6 11.a4 bxa4 12.Bh5 g6 13.Be2 Nf6 14.Rxa4 Nfd7 15.Nb3 Nb6
16.Ra2 Bg7 17.Na5 Bc8 18.Na4 Nxa4 19.Rxa4 Bd7 20.Ra2 O-O 21.Qd2 Rfd8 22.Rd1 Be8
23.c4 Rac8 24.h3 f5 25.exf5 gxf5 26.b4 Nf7 27.Bh5 e5 28.Bg5 Rd7 29.Bh4 Kh8
30.Qd5 Qb6 31.Qe6 Rdc7 32.Rb2 Qa7 33.c5 dxc5 34.Bd8 Nd6 35.Bxc7 Bxh5 36.Rxd6 Qxc7
37.Rc6 Bf7 38.Qxc8+  1-0

[Event "Vilnius"]
[Site "Vilnius"]
[Date "1978.??.??"]
[Round "14"]
[White "Espig, Lutz"]
[Black "Lebredo, Gerardo"]
[Result "1/2-1/2"]
[WhiteElo "2470"]
[BlackElo "2385"]

1.Nf3 c5 2.e4 e6 3.d4 cxd4 4.Nxd4 a6 5.Nc3 Qc7 6.Be2 b5 7.O-O Bb7 8.a3 Nf6
9.Qd3 Nc6 10.Nxc6 Bxc6 11.Bf3 Bd6 12.g3 O-O 13.Bg2 Be5 14.Re1 Rac8 15.Bd2 Rfd8
16.f4 Bxc3 17.Bxc3 d5 18.Bxf6 gxf6 19.e5 d4 20.Bxc6 Qxc6 21.Re2 f5 22.Rd1 Qb6
23.Kg2 Rc4 24.c3 Rd5 25.Qf3 dxc3 26.Rxd5 exd5 27.bxc3 Qc6 28.Re3 Re4 29.Rd3 Kg7
30.Qh5 Rc4 31.Qg5+ Kf8 32.Qd8+ Kg7 33.Qxd5 Qxd5+ 34.Rxd5 Rxc3 35.a4 bxa4
36.Ra5 a3 37.Kh3 Rd3 38.Rxa6 Rc3 39.Kh4 Rc2 40.Kg5 a2 41.h4 Rg2 42.Kxf5 Rxg3
43.Rxa2 h6 44.Ra7 Re3 45.Rb7 Re1 46.Re7 Ra1 47.Rd7 Re1 48.Rd3 Rg1 49.h5 Rg2
50.Ke4 Rh2 51.Rd7 Re2+ 52.Kf3 Re1 53.Rd2 Rh1 54.Rg2+ Kf8 55.Kg4 Re1 56.Kf5 Ra1
57.Re2 Kg7 58.Rg2+ Kf8 59.Rb2 Kg7 60.Rd2 Rg1 61.Rd7 Re1 62.Re7 Rh1 63.Kg4 Rg1+
64.Kf3 Rh1 65.Kg4 Rg1+ 66.Kf3 Rf1+ 67.Kg3 Rg1+ 68.Kf2 Rh1 69.Ra7 Kf8 70.Kf3 Rxh5
71.Kg4 Rh1 72.Kf5 Rb1  1/2-1/2

[Event "IBM-B"]
[Site "Amsterdam"]
[Date "1979.??.??"]
[Round "2"]
[White "Van Riemsdijk, Herman C"]
[Black "Enklaar, Bertus F"]
[Result "0-1"]
[WhiteElo "2435"]
[BlackElo "2400"]

1.e4 c5 2.Nf3 e6 3.d4 cxd4 4.Nxd4 a6 5.Nc3 b5 6.Bd3 Bb7 7.O-O Bc5 8.Nb3 Bb6
9.a4 b4 10.a5 Ba7 11.Na2 Qh4 12.Nd2 Nf6 13.Qe2 d5 14.e5 Nfd7 15.Nf3 Qe7 16.c3 bxc3
17.bxc3 Nc5 18.Ba3 Qc7 19.c4 Nxd3 20.Qxd3 dxc4 21.Rfc1 Bd5 22.Bd6 Qd7 23.Qe2 Nc6
24.Nc3 Ne7 25.Ng5 O-O 26.Qc2 Ng6 27.Bxf8 Rxf8 28.Rd1 Qe7 29.Nxd5 exd5 30.Qf5 d4
31.e6 f6 32.Nxh7 Kxh7 33.Re1 Qc5 34.Qh3+ Kg8 35.Re4 f5 36.e7 Re8 37.Rae1 d3
38.R4e3 Rxe7  0-1